Wireless CMOS Frecuency Synthesizer Design /

Guardat en:
Dades bibliogràfiques
Autor principal: Craninckx, Jan (autor)
Altres autors: Steyaert, Michiel (autor) (autor)
Format: Llibre
Idioma:anglès
Publicat: Dordrecht, Holanda : Kluwer, 2001, c1998
Matèries:
Etiquetes: Afegir etiqueta
Sense etiquetes, Sigues el primer a etiquetar aquest registre!

MARC

LEADER 00000nam^a2200000^a^4500
001 000135476
005 20250521000000.0
009 20260310095243.569
020 |a 0-7923-8138-6 
037 |a Acervo ITESO - Biblioteca 
041 |a ING 
082 |a 621. 3815486  |b CRA 
100 |a Craninckx, Jan  |e (autor) 
245 1 0 |a Wireless CMOS Frecuency Synthesizer Design /  |c J. Craninckx, M. Steyaert. 
264 4 |a Dordrecht, Holanda :  |b Kluwer,  |c 2001, c1998 
300 |a XXVI, 247 p. 
336 |a texto  |b txt  |2 rdacontenido 
337 |a sin mediación  |b n  |2 rdamedio 
338 |a volumen  |b nc  |2 rdasoporte 
649 |a XX 
650 |a Semiconductores 
650 |a Sintetizador de Frecuencia 
650 |a Señales y Transmisión de Señales 
650 |a Comunicación en Red 
650 |a Sistemas de Comunicación por Microondas 
650 |a Sistemas de Telecomunicación 
650 |a Telecomunicaciones 
650 |a Electrónica 
650 |a Ingeniería Electrónica 
700 |a Steyaert, Michiel  |e (autor) 
910 |a Fondo General 
920 |a Impresos - Libros 
930 |a Colección General 
905 |a 101 
901 |a 0500064277  |b IT1  |c ACC  |u 20250521 
902 |a https://opac.biblio.iteso.mx/vufind/Record/000135476